• 首页
  • 本馆介绍
  • 公告通知
  • 最新文献
  • 馆藏检索
  • 电子资源
  • 读者导购
  • 参考咨询
  • 我的图书馆
  • 登录
  • 详细信息显示
  • 放入我的书架
  • 预约/预借图书
  • 作者相关作品
  • 分类相关作品
  • 丛书相关作品
  • 出版社相关作品

书目信息

  • 表格格式
  • 工作单格式
  • 卡片格式
题名:
中国农民工生存纪实
    
 
作者: 蔡建文 著
分册:  
出版信息: 北京   当代中国出版社  2006
页数: 260页
开本: 24cm
丛书名:
单 册:
中图分类: D422.7
科图分类:
主题词: 农村--劳动力转移--研究--中国 , 农民--劳动就业--研究--中国 , 农艺运动 , 农艺组织 , 农艺运动 , 农艺组织
电子资源:
ISBN: 7-80170-452-5
000 00900nam0 2200277 450
001 012006022904
005 20061117093308.84
010    @a7-80170-452-5@dCNY25.00
100    @a20060320d2006 em y0chiy0110 ea
101 0  @achi
102    @aCN@b110000
105    @aa z 000yy
200 1  @a中国农民工生存纪实@9zhong guo nong min gong sheng cun ji shi@f蔡建文著
210    @a北京@c当代中国出版社@d2006
215    @a260页@c照片@d24cm
330    @a本书用鲜活、生动的事例,给我们打开一个了解农民工生存状况的窗口,让我们看到一个新型社会阶层的崛起,同时也感受到了农民工进入城市后的酸甜苦辣……
606 0  @a农村@x劳动力转移@x研究@y中国
606 0  @a农民@x劳动就业@x研究@y中国
606 0  @a农艺运动
606 0  @a农艺组织
606 0  @a农艺运动
606 0  @a农艺组织
690    @aD422.7@v4
701  0 @a蔡建文@9cai jian wen@4著
801  0 @aCN@bRENTIAN@c20061117
905    @a10447@dD422.7@e3
    
    中国农民工生存纪实/蔡建文著.-北京:当代中国出版社,2006
    260页:照片;24cm
    
    
    ISBN 7-80170-452-5:CNY25.00
    本书用鲜活、生动的事例,给我们打开一个了解农民工生存状况的窗口,让我们看到一个新型社会阶层的崛起,同时也感受到了农民工进入城市后的酸甜苦辣……
●
相关链接 在E读中查询图书 在五车中查询图书 在当当中查询图书 在豆瓣中查询图书


正题名:中国农民工生存纪实     索取号:D422.7/3         预约/预借

序号 登录号 条形码 馆藏地/架位号 状态 备注
1 0389882   203898826   第一样本阅览室/ [索取号:D422.7/3] 在馆    
2 0389883   203898835   第一借阅区/ [索取号:D422.7/3] 在馆    
3 0389884   203898844   第一借阅区/ [索取号:D422.7/3] 在馆    
4 0389885   203898853   第一借阅区/ [索取号:D422.7/3] 在馆    
5 0389886   203898862   第一借阅区/ [索取号:D422.7/3] 在馆    
唐山师范学院图书馆 欢迎您!
大连网信软件有限公司© 版权所有